Arabic-English And English-Arabic Dictionary / (رقم التسجيلة. 142566)
[ عرض عادي ]
| 000 -الفاتح | |
|---|---|
| عناصر البيانات ثابتة الطول | 00670cam a2200205 i 4500 |
| 005 - تاريخ ووقت آخر معاملة | |
| حقل ضبط | 20260305134807.0 |
| 008 - عناصر البيانات ثابتة الطول | |
| عناصر البيانات ثابتة الطول | 250721s1984 le gr 000 0 ara d |
| 041 ## - كود اللغة | |
| كود اللغة لنص/مسار صوت أو عنوان منفصل | ara |
| -- | eng |
| -- | eng |
| 082 14 - رقم تصنيف ديوي العشري | |
| رقم التصنيف | 423.1 |
| رقم المادة | ق ا م |
| 100 1# - مدخل رئيسي – اسم شخصي | |
| الاسم الشخصي | WORTABET، JOHN |
| علاقة الشخص بالعمل/ دوره | Author. |
| 245 10 - بيان العنوان | |
| العنوان | Arabic-English And English-Arabic Dictionary / |
| بيان المسؤولية | John Wortabet,M.D, Harvey Porter,PH.D. |
| 264 31 - بيانات النشر، التوزيع…إلخ | |
| مكان النشر، التوزيع...إلخ | بيروت : |
| اسم الناشر، الموزع...إلخ | مكتبة لبنان، |
| تاريخ النشر، التوزيع...إلخ | 1984. |
| 300 ## - الوصف المادي | |
| عدد الوحدات المكونة للوعاء | 883 Page. |
| 650 17 - مدخل إضافي بالموضوع - مصطلح موضوعي | |
| مصطلح موضوعي أو اسم جغرافي كعنصر مدخل | القواميس. |
| 650 17 - مدخل إضافي بالموضوع - مصطلح موضوعي | |
| مصطلح موضوعي أو اسم جغرافي كعنصر مدخل | اللغة الانجليزية. |
| 650 17 - مدخل إضافي بالموضوع - مصطلح موضوعي | |
| مصطلح موضوعي أو اسم جغرافي كعنصر مدخل | اللغة العربية. |
| 700 1# - مدخل إضافي - اسم شخصي | |
| الاسم الشخصي | Porter, Harvey |
| علاقة الشخص بالعمل/ دوره | Author. |
| 942 ## - بيانات إضافية (كوها) | |
| نوع التنصيف | Dewey Decimal Classification |
| نوع المادة (كوها) | كتب |
| حالة السحب | حالة الفقدان | مصدر التصنيف | حالة التلف | غير قابل للإعارة | المكتبة الرئيسية | المكتبة الحالية | موقع الرف | تاريخ التزويد | رقم المخزون | Total Checkouts | رقم الإستدعاء | الباركود | تاريخ آخر ظهور | تاريخ الفاتورة | نوع المادة (كوها) |
|---|---|---|---|---|---|---|---|---|---|---|---|---|---|---|---|
| Dewey Decimal Classification | المكتبة المركزية | المكتبة المركزية | الإعارة | 28/07/2025 | 1745420 | 423.1 / ق ا م | PLD00492538 | 28/07/2025 | 28/07/2025 | كتب | |||||
| Dewey Decimal Classification | المكتبة المركزية | المكتبة المركزية | الإعارة | 05/10/2021 | 1745419 | 423.1 / ق ا م | PLD00492573 | 28/07/2025 | 05/10/2021 | كتب |